000 00647nam a2200229Ia 4500
003 OSt
005 20221006164322.0
006 a|||||r|||| 00| 0
007 ta
008 221006b |||||||| |||| 00| 0 hin d
024 _a4,430
037 _cTextual
040 _aFML
_cFML
_bhin
041 _2hin
_ahin
082 _aY74452451:351, M9 -;1
100 _aChaturvedi Rajeev Ranjan Au.
_9677129
245 0 _aBrij Lok Geet
260 _aLucknow
_bU. P. Sangeet Natak Acadmy India
_c1989
300 _a51
_ccm.
942 _hY74452451:351, M9 -;1
_cTEXL
_2CC
999 _c1116841
_d1116841